书目信息 |
| 题名: |
电离层研究五十年
|
|
| 作者: | 拉特克利夫 , Ratcliffe 编 ;武汉大学空间物理系 译 | |
| 分册: | ||
| 出版信息: | 北京 科学出版社 1983 2 |
|
| 页数: | 196页 | |
| 开本: | 25cm | |
| 丛书名: | ||
| 单 册: | ||
| 中图分类: | P352 | |
| 科图分类: | ||
| 主题词: | 电离层--研究 | |
| 电子资源: | ||
| ISBN: | ||
| 000 | 00828nam0 2200265 45 | |
| 001 | 0183006255 | |
| 005 | 20040521154819.0 | |
| 010 | @dCNY2.00 | |
| 091 | @a13031.2166 | |
| 100 | @a19950720d1983 em y0chiy0121 ea | |
| 101 | 1 | @achi@ceng |
| 102 | @aCN@b110000 | |
| 105 | @ay z 000yy | |
| 106 | @ar | |
| 200 | 10 | @a电离层研究五十年@Adian li ceng yan jiu wu shi nian@f(英)拉特克利夫(J.A.Ratcliffe)编@g武汉大学空间物理译 |
| 210 | @a北京@c科学出版社@d1983 2 | |
| 215 | @a196页@d25cm | |
| 606 | @a电离层@x研究 | |
| 690 | @aP352@v3 | |
| 701 | 1 | @a拉特克利夫@Ala te ke li fu@bJ.A.@4编 |
| 701 | A1 | @aRatcliffe@bJ.A.@4编 |
| 711 | 02 | @a武汉大学空间物理系@Awu han da xue kong jian wu li xi@4译 |
| 801 | 0 | @aCN@b上海图书馆@c20040521 |
| 801 | 2 | @aCN@bNLC@c20040521 |
| 905 | @f1@b163958@dP352@e30 | |
| 电离层研究五十年/(英)拉特克利夫(J.A.Ratcliffe)编/武汉大学空间物理译.-北京:科学出版社,1983 2 |
| 196页;25cm |
| ISBN :CNY2.00 |
| ● |
| 相关链接 |
|
|
|
|
正题名:电离层研究五十年
索取号:P352/30
 
预约/预借
| 序号 | 登录号 | 条形码 | 馆藏地/架位号 | 状态 | 备注 |
| 1 | 0163958 | 000626460 | 第三借阅区/ [索取号:P352/30] | 在馆 | |
| 2 | 0163959 | 202105328 | 第二样本阅览室/ [索取号:P352/30] | 在馆 |